000 00627nam a2200229Ia 4500
003 OSt
005 20220923230109.0
006 a|||||r|||| 00| 0
007 ta
008 Pun
024 _a277,302
037 _cTextual
040 _aARTS
_cARTS
_bPun
041 _2Pun
_aPun
082 _aO153,3N23x, M2
100 _aਰਾਹੀ, ਜਸਵੰਤ ਸਿੰਘ
_9156315
245 0 _aਕਬਰਾਂ ਦਾ ਗੁਲਾਬ
260 _c1982
650 _aਪੰਜਾਬੀ ਸਾਹਿਤ
942 _hO153,3N23x, M2
_cTEXL
_2CC
999 _c382419
_d382419